| 000 | 00781cam a22002413a 4500 | ||
|---|---|---|---|
| 001 | 13187 | ||
| 003 | PGUSA | ||
| 005 | 20140828083302.0 | ||
| 008 | 040815s2004||||xxu|||||s|||||000 | eng d | ||
| 040 |
_aPGUSA _beng |
||
| 042 | _adc | ||
| 050 | 4 | _aJC | |
| 100 | 1 |
_aJoly, Maurice, _d1831-1878 |
|
| 245 | 1 | 0 |
_aDialogue aux enfers entre Machiavel et Montesquieu : _bou la politique de Machiavel au XIXe Siècle par un contemporain _h[electronic resource] / _cMaurice Joly |
| 260 |
_bProject Gutenberg, _c2004 |
||
| 506 | _aPublic domain in the USA. | ||
| 516 | _aElectronic text | ||
| 653 | _aPolitical ethics | ||
| 653 | _aFrance -- Politics and government -- 1852-1870 | ||
| 830 | 0 |
_aProject Gutenberg _v13187 |
|
| 856 | 4 | 0 | _uhttp://www.gutenberg.org/ebooks/13187 |
| 942 | _cEB | ||
| 999 |
_c242442 _d242442 |
||